=LDR 00000nam 2200000 4500 =001 INLIS000000000034068 =005 20130612140004 =008 ***********************************ind** =035 ##$$0010-061300000034068 =041 ##$$a ind =082 ##$$a 370. 152 =090 ##$$a 370. 152, Sus s =100 ##$$a Susilo, M - Joko =245 ##$$a Suskses dengan gaya belajar, M. Joko Susilo =260 ##$$a 2009 $b Yogyakarta =300 ##$$a 170 hlm =650 ##$$a Pisikologi Belajar =850 ##$$a NBPNMAT